University Home | Library Home | Institutional Repository

Handbook on Radio and Television Audience Research/ (Record no. 112038)

MARC details
000 -LEADER
fixed length control field 00520cam a2200169 4500
008 - FIXED-LENGTH DATA ELEMENTS--GENERAL INFORMATION
fixed length control field 090226n 000 0 eng u
020 ## - INTERNATIONAL STANDARD BOOK NUMBER
International Standard Book Number 9280633937
035 ## - SYSTEM CONTROL NUMBER
System control number (Sirsi) a164301
050 ## - LIBRARY OF CONGRESS CALL NUMBER
Classification number PN4784
100 ## - MAIN ENTRY--PERSONAL NAME
Personal name Mytton, Graham
245 ## - TITLE STATEMENT
Title Handbook on Radio and Television Audience Research/
Statement of responsibility, etc. Graham Mytton
260 ## - PUBLICATION, DISTRIBUTION, ETC.
Place of publication, distribution, etc. New York:
Name of publisher, distributor, etc. World Service Training Trust,
Date of publication, distribution, etc. 1999
300 ## - PHYSICAL DESCRIPTION
Extent 191p.
504 ## - BIBLIOGRAPHY, ETC. NOTE
Bibliography, etc. note Includes bibliographical references
650 ## - SUBJECT ADDED ENTRY--TOPICAL TERM
Topical term or geographic name entry element Television - Broadcasting
650 ## - SUBJECT ADDED ENTRY--TOPICAL TERM
Topical term or geographic name entry element Radio - Authorship

No items available.

© 2026 - The University of Zambia Library - Koha v25.11